000 00366nam a2200157Ia 4500
003 OSt
005 20240320115825.0
008 170524s9999 xx 000 0 und d
020 _a9780898157697
040 _cIIMTU MEERUT
100 _aBeach- Neve
245 4 _aThe Ghirardelli chocolate cookbook
260 _bTen speed press
260 _c1999
942 _2ddc
_c02
999 _c7056
_d7056